La falta de normas para evaluar bibliotecas universitarias, afecta la medición de la calidad y desarrollo de las mismas. Estudio a realizarse en las instituciones de educación superior de El Salvador en el periodo de Enero a Agosto del año 2009. (Registro nro. 10043)

Detalles MARC
000 -LEADER
fixed length control field 00730nam a2200169Ia 4500
005 - FECHA Y HORA DE LA ÚLTIMA TRANSACCIÓN
control field 20231202090839.0
008 - FIXED-LENGTH DATA ELEMENTS--GENERAL INFORMATION
fixed length control field 231130s9999 xx 000 0 und d
040 ## - CATALOGING SOURCE
Original cataloging agency UPAN
Transcribing agency Biblioteca San Vicente
Description conventions RCAA2
041 ## - LANGUAGE CODE
Language code of text/sound track or separate title spa
082 ## - DEWEY DECIMAL CLASSIFICATION NUMBER
Classification number 027.7
Item number Pin
año de publicación 2008
100 ## - MAIN ENTRY--PERSONAL NAME
Personal name Pineda Murcia, Pedro de Jesús
Relator code aut.
245 #0 - TITLE STATEMENT
Title La falta de normas para evaluar bibliotecas universitarias, afecta la medición de la calidad y desarrollo de las mismas. Estudio a realizarse en las instituciones de educación superior de El Salvador en el periodo de Enero a Agosto del año 2009.
260 ## - PUBLICATION, DISTRIBUTION, ETC. (IMPRINT)
Place of publication, distribution, etc San Sanvador:
Name of publisher, distributor, etc Universidad Panamericana,
Date of publication, distribution, etc 2009
300 ## - PHYSICAL DESCRIPTION
Extent 165 p.;
Dimensions 23 cm.
650 ## - SUBJECT ADDED ENTRY--TOPICAL TERM
Source of heading or term LEMB
Topical term or geographic name as entry element Bibliotecas Universitarias
942 ## - ADDED ENTRY ELEMENTS (KOHA)
Koha item type Libros
Source of classification or shelving scheme Dewey Decimal Classification
Existencias
Withdrawn status Lost status Source of classification or shelving scheme Damaged status Not for loan Collection code Home library Current library Date acquired Total Checkouts Full call number Barcode Date last seen Copy number Price effective from Koha item type
    Dewey Decimal Classification     Tesario Biblioteca UPAN San Vicente Biblioteca UPAN San Vicente 30/11/2023   027.7 Pin 12100841 30/11/2023 01 30/11/2023 Trabajos de Grado